[Event "Festival INGEM - PLZEŇ 2012"]
[Site "Plzeň (Česká republika)"]
[Date "2012.08.23"]
[Round "7.18"]
[White "Hajek, Jiri"]
[Black "Hollan, Petr"]
[Result "1-0"]
[WhiteElo "1874"]
[BlackElo "1718"]
[PlyCount "53"]
[EventDate "2012.08.18"]
[Source "ChessBase"]
[SourceDate "1996.11.15"]

1. e4 e5 2. Nf3 Nc6 3. Nc3 Nf6 4. d4 exd4 5. Nxd4 d6 6. Bg5 Be7 7. Qd2 h6 8.
Bf4 Nh5 9. Be3 Nf6 10. Bc4 Ne5 11. Bb3 Bd7 12. O-O-O a6 13. a3 b5 14. h3 c5 15.
Nf5 Bxf5 16. exf5 O-O 17. g4 c4 18. Ba2 b4 19. axb4 Rb8 20. f4 Nc6 21. g5 hxg5
22. fxg5 Nh7 23. f6 gxf6 24. gxf6 Bxf6 25. Qg2+ Bg5 26. h4 Nxb4 27. Bxg5 1-0

[Event "Festival INGEM - PLZEŇ 2012"]
[Site "Plzeň (Česká republika)"]
[Date "2012.08.23"]
[Round "7.20"]
[White "Novy, Jan"]
[Black "Berka, Lubos"]
[Result "0-1"]
[WhiteElo "1723"]
[BlackElo "1862"]
[PlyCount "106"]
[EventDate "2012.08.18"]
[Source "ChessBase"]
[SourceDate "1996.11.15"]

1. c4 Nf6 2. Nc3 g6 3. Nf3 Bg7 4. g3 O-O 5. Bg2 d6 6. O-O e5 7. Qc2 Nc6 8. a3
Bg4 9. e3 Qd7 10. Re1 Rae8 11. b4 e4 12. Ng5 Ne5 13. Bb2 h6 14. h3 hxg5 15.
hxg4 Nf3+ 16. Kf1 Nxe1 17. Rxe1 Qxg4 18. Nb5 Re7 19. Rd1 a6 20. Nc3 Nd7 21. d4
Nb6 22. Ne2 Qe6 23. Rc1 f5 24. Bh3 g4 25. d5 Qf7 26. Bg2 g5 27. Nd4 Bxd4 28.
Bxd4 Nd7 29. Ke2 Ne5 30. Rh1 Qg6 31. c5 Rh7 32. Rd1 Nd3 33. Rg1 Qf7 34. Kd1 Ne5
35. Bxe5 dxe5 36. Bf1 Qxd5+ 37. Kc1 Kg7 38. Bc4 Qd8 39. a4 Kf6 40. Rd1 Rd7 41.
Rh1 Rh8 42. Rf1 Rdh7 43. Rd1 Rh1 44. Bf1 Qe7 45. Qe2 a5 46. Qb2 axb4 47. c6 b6
48. Kb1 Ra8 49. Qb3 Rd8 50. Rc1 Rd2 51. Qg8 Rxf2 52. Qc4 Qc5 53. Qa6 Qxc1+ 0-1

[Event "Festival INGEM - PLZEŇ 2012"]
[Site "Plzeň (Česká republika)"]
[Date "2012.08.23"]
[Round "7.22"]
[White "Roew, Rolf"]
[Black "Leseticky, Vladimir"]
[Result "1-0"]
[WhiteElo "1811"]
[BlackElo "1647"]
[PlyCount "127"]
[EventDate "2012.08.18"]
[Source "ChessBase"]
[SourceDate "1996.11.15"]

1. e4 e5 2. Nf3 Nc6 3. Bb5 a6 4. Bxc6 dxc6 5. O-O Bg4 6. h3 Bxf3 7. Qxf3 Qf6 8.
Qg3 O-O-O 9. d3 h6 10. Nd2 Qf4 11. Qe3 Qxe3 12. fxe3 f6 13. Nb3 c5 14. Bd2 Bd6
15. c3 Ne7 16. Na5 c6 17. Nb3 Ng6 18. Rfd1 Be7 19. Be1 Rd7 20. Rd2 Rhd8 21.
Rad1 b6 22. Nc1 f5 23. exf5 Nh4 24. e4 Bg5 25. Re2 c4 26. Bxh4 Bxh4 27. Re3 Bg5
28. Rg3 Bxc1 29. Rxc1 cxd3 30. Rd1 d2 31. Kf2 g5 32. Ke2 Rd6 33. Rf3 g4 34.
hxg4 Rf6 35. Rxd2 Rg8 36. Rfd3 Rf7 37. Rd6 Rxg4 38. Rxc6+ Kb7 39. Rxh6 Rxe4+
40. Kd1 Rf4 41. f6 R4xf6 42. Rxf6 Rxf6 43. Ke2 Kc6 44. Ke3 Rf4 45. g3 Rg4 46.
Kf3 Rg6 47. b3 b5 48. Rd3 Re6 49. Ke4 Re8 50. g4 Rg8 51. Kf5 e4 52. Re3 Kd5 53.
c4+ bxc4 54. bxc4+ Kxc4 55. Rxe4+ Kd5 56. Ra4 Rf8+ 57. Kg5 Rg8+ 58. Kh6 Rh8+
59. Kg7 Ra8 60. g5 Ra7+ 61. Kf6 a5 62. g6 Ra6+ 63. Kg7 Ke6 64. Rf4 1-0

[Event "Festival INGEM - PLZEŇ 2012"]
[Site "Plzeň (Česká republika)"]
[Date "2012.08.23"]
[Round "7.23"]
[White "Lorenc, David"]
[Black "Veselsky, Jan"]
[Result "1/2-1/2"]
[WhiteElo "1699"]
[BlackElo "1718"]
[PlyCount "38"]
[EventDate "2012.08.18"]
[Source "ChessBase"]
[SourceDate "1996.11.15"]

1. e4 c6 2. Nf3 d5 3. Nc3 Nf6 4. exd5 cxd5 5. d4 Nc6 6. Bf4 Bg4 7. Be2 e6 8.
O-O Bd6 9. Bxd6 Qxd6 10. Nb5 Qd8 11. Ne5 Bxe2 12. Qxe2 Qb6 13. Nd6+ Kf8 14.
Nexf7 Nxd4 15. Qd3 Nf5 16. Nxf5 Kxf7 17. Nd4 Rhe8 18. Nf3 Qc7 19. Rfe1 Rac8
1/2-1/2

[Event "Festival INGEM - PLZEŇ 2012"]
[Site "Plzeň (Česká republika)"]
[Date "2012.08.24"]
[Round "8.1"]
[White "Neuman, Petr"]
[Black "Chudinovskikh, Alexander M"]
[Result "1/2-1/2"]
[WhiteElo "2476"]
[BlackElo "2248"]
[PlyCount "29"]
[EventDate "2012.08.18"]
[Source "ChessBase"]
[SourceDate "1996.11.15"]

1. d4 Nf6 2. c4 e6 3. Nc3 c5 4. d5 exd5 5. cxd5 d6 6. e4 g6 7. f4 Bg7 8. Bb5+
Nfd7 9. a4 O-O 10. Nf3 Na6 11. O-O Nc7 12. Bd3 a6 13. Bd2 Rb8 14. a5 b5 15.
axb6 1/2-1/2

[Event "Festival INGEM - PLZEŇ 2012"]
[Site "Plzeň (Česká republika)"]
[Date "2012.08.24"]
[Round "8.3"]
[White "Kireev, Aleksei"]
[Black "Mukashev, Assan"]
[Result "1/2-1/2"]
[WhiteElo "2345"]
[BlackElo "2217"]
[PlyCount "108"]
[EventDate "2012.08.18"]
[Source "ChessBase"]
[SourceDate "1996.11.15"]

1. d4 Nf6 2. Bg5 e6 3. e3 Be7 4. Nd2 b6 5. Ngf3 Bb7 6. Bd3 c5 7. c3 Nc6 8. O-O
h6 9. Bh4 O-O 10. a3 Rc8 11. Qe2 cxd4 12. cxd4 Nd5 13. Bxe7 Qxe7 14. Rfc1 f5
15. Ba6 Bxa6 16. Qxa6 Rc7 17. b4 Nb8 18. Qf1 Rfc8 19. Rxc7 Rxc7 20. Rc1 d6 21.
Rc4 Nd7 22. Rxc7 Nxc7 23. Qc4 Nf6 24. Ne1 Kf8 25. Nc2 e5 26. Nf3 Ne4 27. Qc6 b5
28. g3 Kg8 29. Nh4 Qf7 30. dxe5 dxe5 31. Ng6 Nd2 32. Ne1 Qc4 33. Qxc4+ Nxc4 34.
Ne7+ Kf7 35. Nxf5 Nxa3 36. e4 Nc4 37. Nd3 h5 38. f3 g6 39. Nh4 Ne6 40. Kf2 Nd4
41. Ng2 Nc6 42. Ne3 a5 43. bxa5 N6xa5 44. Nd5 Nc6 45. h4 Nd4 46. Ne3 Kf6 47. f4
Nc6 48. Nc5 Ke7 49. Nd5+ Kd6 50. Nb7+ Kd7 51. Nc5+ Kd6 52. Nd3 Nd2 53. Ke3 Nf1+
54. Kf2 Nd2 1/2-1/2

[Event "Festival INGEM - PLZEŇ 2012"]
[Site "Plzeň (Česká republika)"]
[Date "2012.08.24"]
[Round "8.4"]
[White "Michalek, Jan"]
[Black "Piankov, Evgenij"]
[Result "1/2-1/2"]
[WhiteElo "2327"]
[BlackElo "2338"]
[PlyCount "122"]
[EventDate "2012.08.18"]
[Source "ChessBase"]
[SourceDate "1996.11.15"]

1. e4 c6 2. d4 d5 3. exd5 cxd5 4. c4 Nf6 5. Nc3 g6 6. Qb3 Bg7 7. cxd5 O-O 8.
Be2 Na6 9. Bf4 Qb6 10. Qxb6 axb6 11. d6 e6 12. Nf3 Nb4 13. O-O Nbd5 14. Be5 Rd8
15. Nd2 Bd7 16. Nxd5 Nxd5 17. Bf3 Bc6 18. a3 Bf8 19. Ne4 h6 20. Rac1 Rac8 21.
Rfe1 f5 22. Nd2 Bxd6 23. Bxd5 exd5 24. Bxd6 Rxd6 25. Re7 Rf8 26. Nf3 Rf7 27.
Re3 Kg7 28. Ne5 Re7 29. f3 Re8 30. Rb3 b5 31. Rbc3 Ra8 32. Nd3 Re6 33. Kf2 Kf6
34. Re1 g5 35. g3 Rxe1 36. Kxe1 h5 37. Nb4 Re8+ 38. Kf2 Re6 39. Re3 f4 40.
Rxe6+ Kxe6 41. gxf4 gxf4 42. Kg2 Kf5 43. Nxc6 bxc6 44. b3 Kf6 45. Kf2 Ke6 46.
Kg2 Ke7 47. Kh3 Ke6 48. Kh4 c5 49. Kg5 c4 50. bxc4 dxc4 51. Kxf4 h4 52. Ke3 Kd5
53. f4 c3 54. Kd3 c2 55. Kxc2 Kxd4 56. Kb3 Ke4 57. Kb4 Kxf4 58. Kxb5 Kg4 59. a4
Kh3 60. a5 Kxh2 61. a6 h3 1/2-1/2

[Event "Festival INGEM - PLZEŇ 2012"]
[Site "Plzeň (Česká republika)"]
[Date "2012.08.24"]
[Round "8.5"]
[White "Haba, Zdenek"]
[Black "Smilek, Petr"]
[Result "1-0"]
[WhiteElo "2236"]
[BlackElo "1991"]
[PlyCount "133"]
[EventDate "2012.08.18"]
[Source "ChessBase"]
[SourceDate "1996.11.15"]

1. d4 Nf6 2. c4 g6 3. Nc3 Bg7 4. e4 d6 5. f3 c6 6. Bg5 a6 7. a4 a5 8. Qd2 Na6
9. Nge2 O-O 10. Rd1 Nb4 11. Nc1 Be6 12. d5 cxd5 13. cxd5 Bd7 14. Nb3 Qb6 15.
Bb5 Bxb5 16. Nxb5 Rfc8 17. N3d4 Rc4 18. Be3 Nd7 19. O-O Qd8 20. b3 Rcc8 21. Rb1
Nc5 22. Rfc1 Ncd3 23. Rc3 Rxc3 24. Nxc3 Rc8 25. Nce2 Qc7 26. Rd1 h5 27. Nb5 Qd8
28. Na3 Nc5 29. Bxc5 Rxc5 30. Nc4 Qa8 31. Nd4 Qa7 32. Kf1 Qa8 33. Nb5 Qd8 34.
Rc1 Kh7 35. Rd1 Bh6 36. Qf2 Bg7 37. e5 Rxd5 38. Rxd5 Nxd5 39. exd6 exd6 40.
Nbxd6 Qf6 41. Ne8 Qa1+ 42. Qe1 Qxe1+ 43. Kxe1 Bc3+ 44. Kd1 b6 45. g3 Bd4 46.
Ke2 f5 47. Ned6 f4 48. g4 hxg4 49. fxg4 Ne3 50. Nxe3 Bxe3 51. Nc4 Bc5 52. g5
Kg7 53. Kf3 Kf7 54. Kxf4 Ke6 55. Ke4 Bg1 56. h3 Kf7 57. Kd5 Bf2 58. Kd6 Bh4 59.
Nxb6 Bxg5 60. Nc4 Be7+ 61. Kc6 Bb4 62. Kb5 Be1 63. Nxa5 g5 64. Nc4 Kg6 65. a5
Kh5 66. a6 Bf2 67. Nb6 1-0

[Event "Festival INGEM - PLZEŇ 2012"]
[Site "Plzeň (Česká republika)"]
[Date "2012.08.24"]
[Round "8.6"]
[White "Vecera, Petr"]
[Black "Fiala, Jaroslav"]
[Result "1-0"]
[WhiteElo "1986"]
[BlackElo "2225"]
[PlyCount "73"]
[EventDate "2012.08.18"]
[Source "ChessBase"]
[SourceDate "1996.11.15"]

1. e4 g6 2. d4 Bg7 3. Nf3 d6 4. Bc4 a6 5. c3 e6 6. O-O Ne7 7. Re1 O-O 8. Nbd2
b6 9. Nf1 Bb7 10. Ng3 Nd7 11. Bg5 h6 12. Bd2 c5 13. Qc1 Kh7 14. dxc5 Nxc5 15.
b4 Nd7 16. Nd4 Rc8 17. Bxe6 Bxd4 18. Bxd7 Qxd7 19. Bxh6 Bg7 20. Bxg7 Kxg7 21.
Qg5 Kh7 22. Re3 f6 23. Qh4+ Kg8 24. Nh5 g5 25. Qg3 Ng6 26. f4 g4 27. h3 Kf7 28.
hxg4 Rg8 29. g5 fxg5 30. Qxg5 Ne7 31. Qf6+ Ke8 32. Ng7+ Rxg7 33. Qxg7 Qe6 34.
f5 Nxf5 35. Qg4 Kd8 36. Qxf5 Qh6 37. Rh3 1-0

[Event "Festival INGEM - PLZEŇ 2012"]
[Site "Plzeň (Česká republika)"]
[Date "2012.08.24"]
[Round "8.7"]
[White "Hollan, Martin"]
[Black "Bartos, Jan"]
[Result "0-1"]
[WhiteElo "1670"]
[BlackElo "2211"]
[PlyCount "106"]
[EventDate "2012.08.18"]
[Source "ChessBase"]
[SourceDate "1996.11.15"]

1. c4 e6 2. e4 d5 3. cxd5 exd5 4. exd5 Nf6 5. Nc3 Nxd5 6. Bc4 Nb6 7. Bb3 Nc6 8.
Nge2 Bg4 9. h3 Qh4 10. Qc2 Bh5 11. O-O Bg6 12. Qd1 Bc5 13. Bc2 O-O-O 14. a3 Nc4
15. b4 Bd6 16. f4 Be7 17. Bxg6 hxg6 18. Qb3 Nxd2 19. Bxd2 Rxd2 20. Qxf7 Qf6 21.
Qxf6 Bxf6 22. Rfd1 Rhd8 23. Rxd2 Rxd2 24. Ra2 Rd3 25. Ne4 Bh4 26. g3 Re3 27.
Kf2 Rxe4 28. gxh4 Nd4 29. Nxd4 Rxd4 30. Ke3 Rc4 31. Kf3 Rc3+ 32. Kg4 Kd7 33.
Rd2+ Ke6 34. Re2+ Kf6 35. Ra2 a6 36. Ra1 c6 37. Ra2 Rc1 38. Re2 Rg1+ 39. Kf3
Rh1 40. Kg3 Rc1 41. Re3 c5 42. bxc5 Rxc5 43. Rb3 b5 44. Kg4 Rc6 45. Re3 a5 46.
Re8 Rb6 47. Rf8+ Ke7 48. Rg8 Kf7 49. Rc8 b4 50. axb4 axb4 51. Rc2 b3 52. Rb2
Ke6 53. Kg5 Kd5 0-1

[Event "Festival INGEM - PLZEŇ 2012"]
[Site "Plzeň (Česká republika)"]
[Date "2012.08.24"]
[Round "8.8"]
[White "Ondrejat, Miroslav"]
[Black "Kejzlar, Lubos"]
[Result "1-0"]
[WhiteElo "2060"]
[BlackElo "1920"]
[PlyCount "141"]
[EventDate "2012.08.18"]
[Source "ChessBase"]
[SourceDate "1996.11.15"]

1. c4 d6 2. d4 e5 3. e3 exd4 4. exd4 Nf6 5. Nc3 Be7 6. Nf3 Bf5 7. Be2 Nbd7 8.
O-O c6 9. Re1 O-O 10. h3 Nb6 11. b3 h6 12. a4 a5 13. Bd3 Bxd3 14. Qxd3 Re8 15.
Ra2 Bf8 16. Rae2 Rxe2 17. Rxe2 Nbd7 18. d5 Nc5 19. Qd1 Qb6 20. Be3 Qb4 21. Bxc5
Qxc5 22. Ne4 Nxe4 23. Rxe4 Qb6 24. Re3 Qc7 25. Qd3 Be7 26. dxc6 bxc6 27. Nd4
Bf6 28. Nf5 d5 29. cxd5 cxd5 30. Qxd5 Rd8 31. Qe4 Rd1+ 32. Re1 Qc1 33. Rxd1
Qxd1+ 34. Kh2 Qxb3 35. Qa8+ Kh7 36. Qxa5 Qb2 37. Qc5 g6 38. Ng3 Bd4 39. Qd5
Qxf2 40. Ne4 Qf4+ 41. g3 Qe3 42. Qxf7+ Kh8 43. Qe8+ Kg7 44. Qe7+ Kh8 45. Qf8+
Kh7 46. Nf6+ Bxf6 47. Qxf6 Qe2+ 48. Kg1 Qe1+ 49. Kg2 Qe4+ 50. Qf3 Qxa4 51. Qf7+
Kh8 52. Qxg6 Qa2+ 53. Kf3 Qd2 54. Kg4 Qd1+ 55. Kh4 Qd4+ 56. Kh5 Qd5+ 57. Kh4
Qd4+ 58. Qg4 Qf6+ 59. Kh5 Kh7 60. Qd7+ Kh8 61. Qe8+ Kh7 62. Kg4 Qg5+ 63. Kf3
Qf6+ 64. Ke4 Qg5 65. Qf7+ Kh8 66. Qf8+ Kh7 67. Qf5+ Qxf5+ 68. Kxf5 Kg7 69. h4
Kf7 70. h5 Kg7 71. Ke6 1-0

[Event "Festival INGEM - PLZEŇ 2012"]
[Site "Plzeň (Česká republika)"]
[Date "2012.08.24"]
[Round "8.9"]
[White "Cecil, Pavel"]
[Black "Vorobyov, Yrij"]
[Result "0-1"]
[WhiteElo "1965"]
[BlackElo "2254"]
[PlyCount "47"]
[EventDate "2012.08.18"]
[Source "ChessBase"]
[SourceDate "1996.11.15"]

1. d4 d5 2. c4 e6 3. Nf3 Nf6 4. Nc3 a6 5. e3 c5 6. cxd5 exd5 7. dxc5 Bxc5 8.
Be2 Nc6 9. O-O O-O 10. Nd4 Ne5 11. h3 b6 12. Bd2 Re8 13. Re1 Bb7 14. a3 Rc8 15.
Na4 Bd6 16. b4 Ne4 17. Rc1 Nc4 18. Bc3 Nxa3 19. Bg4 Rc4 20. Nf5 Nxc3 21. Rxc3
Bxb4 22. Rxa3 Bxa3 23. Qb3 Bb4 24. Nxb6 0-1

[Event "Festival INGEM - PLZEŇ 2012"]
[Site "Plzeň (Česká republika)"]
[Date "2012.08.24"]
[Round "8.10"]
[White "Eretova, Jana"]
[Black "Hajek, Jiri"]
[Result "1/2-1/2"]
[WhiteElo "2087"]
[BlackElo "1874"]
[PlyCount "129"]
[EventDate "2012.08.18"]
[Source "ChessBase"]
[SourceDate "1996.11.15"]

1. e4 d5 2. exd5 Nf6 3. d4 Nxd5 4. c3 Nc6 5. Nf3 Bg4 6. Be2 e6 7. h3 Bh5 8. O-O
Be7 9. Ne5 Bxe2 10. Qxe2 O-O 11. a4 Bf6 12. Na3 Nce7 13. Qe4 Qc8 14. Ng4 Re8
15. c4 Nb6 16. Nxf6+ gxf6 17. Qg4+ Kh8 18. Qf4 Nd7 19. Nb5 Rg8 20. b3 a6 21.
Nc3 c5 22. Ne4 Rg6 23. dxc5 Nxc5 24. Nxf6 e5 25. Qh4 h6 26. Ng4 Nf5 27. Qh5 Ng7
28. Qxe5 Nxb3 29. Bb2 Nxa1 30. Nxh6 Qxh3 31. Qxg7+ Rxg7 32. Bxg7+ Kxg7 33. gxh3
Kxh6 34. Rxa1 Rc8 35. Rc1 Rc5 36. Rb1 Kg7 37. Rb4 a5 38. Rb5 Rxc4 39. Rxa5 b6
40. Rb5 Rxa4 41. Rxb6 f6 42. Kg2 Kg6 43. Kg3 Ra5 44. h4 Rc5 45. Kg4 Ra5 46. Rb8
Ra4+ 47. Kg3 Ra3+ 48. f3 Ra5 49. Rb4 Rc5 50. Kg4 Ra5 51. Rb8 Ra4+ 52. Kg3 Ra5
53. Rg8+ Kh7 54. Rg4 Kh6 55. Kf4 Kh5 56. Kg3 Rc5 57. Rf4 Kg6 58. Rg4+ Kh5 59.
Rg8 Ra5 60. Re8 Rc5 61. Re6 Kg6 62. Kg4 Rc4+ 63. f4 Rc5 64. Re8 f5+ 65. Kg3
1/2-1/2

[Event "Festival INGEM - PLZEŇ 2012"]
[Site "Plzeň (Česká republika)"]
[Date "2012.08.24"]
[Round "8.11"]
[White "Kantor, Jozef"]
[Black "Chalus, Karel"]
[Result "0-1"]
[WhiteElo "1884"]
[BlackElo "2049"]
[PlyCount "76"]
[EventDate "2012.08.18"]
[Source "ChessBase"]
[SourceDate "1996.11.15"]

1. e4 e5 2. Nf3 Nc6 3. Bb5 a6 4. Ba4 Nf6 5. O-O Be7 6. Re1 b5 7. Bb3 d6 8. c3
O-O 9. d4 Bg4 10. Be3 Na5 11. Bc2 Nc4 12. Bc1 Nd7 13. b3 Ncb6 14. h3 Bh5 15.
Be3 c5 16. g4 Bg6 17. Nbd2 h5 18. Nf1 hxg4 19. hxg4 exd4 20. cxd4 Bf6 21. Rc1
Rc8 22. Ng3 Re8 23. Kg2 d5 24. Bf4 dxe4 25. Nxe4 Nd5 26. Bd6 cxd4 27. g5 Be5
28. Bxe5 Nxe5 29. Nxe5 Rxe5 30. Qg4 Bxe4+ 31. Bxe4 Rxc1 32. Bh7+ Kxh7 33. g6+
fxg6 34. Rxe5 Nf6 35. Qh3+ Kg8 36. Qd3 Rc3 37. Qxg6 Qa8+ 38. Kh2 Rh3+ 0-1

[Event "Festival INGEM - PLZEŇ 2012"]
[Site "Plzeň (Česká republika)"]
[Date "2012.08.24"]
[Round "8.12"]
[White "Palkova, Hana"]
[Black "Silhavy, Miroslav"]
[Result "1/2-1/2"]
[WhiteElo "1971"]
[BlackElo "1781"]
[PlyCount "34"]
[EventDate "2012.08.18"]
[Source "ChessBase"]
[SourceDate "1996.11.15"]

1. d4 d5 2. c4 c6 3. cxd5 cxd5 4. Nc3 Nf6 5. Bf4 a6 6. e3 e6 7. a3 Bd6 8. Bxd6
Qxd6 9. Nf3 Nc6 10. Bd3 O-O 11. O-O Nd7 12. Rc1 e5 13. dxe5 Ncxe5 14. Nxe5 Nxe5
15. Be2 Be6 16. b4 Rfd8 17. Qc2 Rac8 1/2-1/2

[Event "Festival INGEM - PLZEŇ 2012"]
[Site "Plzeň (Česká republika)"]
[Date "2012.08.24"]
[Round "8.13"]
[White "Sura, Jaroslav"]
[Black "Spacek, Jan"]
[Result "1-0"]
[WhiteElo "2123"]
[BlackElo "1762"]
[PlyCount "109"]
[EventDate "2012.08.18"]
[Source "ChessBase"]
[SourceDate "1996.11.15"]

1. e4 e6 2. d4 d5 3. exd5 exd5 4. Nc3 Nf6 5. Bg5 c6 6. Bd3 Bd6 7. Qe2+ Be6 8.
Bf5 Qe7 9. Bxe6 Qxe6 10. Bxf6 gxf6 11. O-O-O Kd7 12. Qf3 f5 13. Nh3 a5 14. Rhe1
Qg6 15. Kb1 b5 16. Nf4 Qg4 17. Nfxd5 Qxf3 18. Nf6+ Kc7 19. gxf3 b4 20. Na4 Na6
21. d5 c5 22. c4 Rad8 23. Re2 Kb8 24. h3 Nc7 25. Rde1 h5 26. Kc2 Ka7 27. Kd3
Ka6 28. Re3 h4 29. R1e2 Kb7 30. Kc2 Ka6 31. Kd1 Kb7 32. Ke1 Ka6 33. Kf1 Kb7 34.
Kg2 Ka6 35. f4 Kb7 36. Kf3 Ka6 37. Re1 Kb7 38. Rg1 Rh6 39. Ng8 Rg6 40. Rxg6
fxg6 41. Ne7 Bxe7 42. Rxe7 Rd6 43. Nxc5+ Kb6 44. Ne6 Na6 45. Rh7 a4 46. b3 Nc5
47. Nxc5 Kxc5 48. Rc7+ Kb6 49. Rc6+ Rxc6 50. dxc6 Kxc6 51. Ke3 Kc5 52. Kd3 axb3
53. axb3 Kd6 54. Kd4 Kc6 55. Ke5 1-0

[Event "Festival INGEM - PLZEŇ 2012"]
[Site "Plzeň (Česká republika)"]
[Date "2012.08.24"]
[Round "8.15"]
[White "Berka, Lubos"]
[Black "Pokorny, Jiri"]
[Result "1-0"]
[WhiteElo "1862"]
[BlackElo "1939"]
[PlyCount "95"]
[EventDate "2012.08.18"]
[Source "ChessBase"]
[SourceDate "1996.11.15"]

1. e4 c5 2. Nc3 d6 3. g3 g6 4. Bg2 Bg7 5. Nge2 Nc6 6. O-O e6 7. d3 Nge7 8. Be3
O-O 9. Qd2 Qb6 10. Rab1 Rd8 11. Kh1 Nd4 12. Nd1 Nxe2 13. Qxe2 Nc6 14. f4 Bd7
15. Nf2 Qa5 16. a3 Nd4 17. Bxd4 Bxd4 18. c3 Bg7 19. e5 d5 20. Ng4 Rab8 21. Nf6+
Bxf6 22. exf6 Qa6 23. g4 Re8 24. Qd2 Qd6 25. d4 Rbc8 26. Rf3 cxd4 27. cxd4 Rc7
28. Rc1 Rxc1+ 29. Qxc1 Rc8 30. Rc3 Rxc3 31. bxc3 Qf8 32. g5 Bb5 33. h4 Bd3 34.
Kh2 Qd6 35. Kg3 Qb6 36. Qe3 Ba6 37. Bxd5 Qd6 38. Ba2 Qxa3 39. Bxe6 Qd6 40. Bb3
Bb5 41. c4 Bd7 42. c5 Qf8 43. Qe7 Qe8 44. d5 a5 45. Ba4 Bxa4 46. c6 Bxc6 47.
dxc6 Qc8 48. c7 1-0

[Event "Festival INGEM - PLZEŇ 2012"]
[Site "Plzeň (Česká republika)"]
[Date "2012.08.24"]
[Round "8.17"]
[White "Simacek, Vaclav"]
[Black "Kalista, Karel"]
[Result "1-0"]
[WhiteElo "1829"]
[BlackElo "1891"]
[PlyCount "55"]
[EventDate "2012.08.18"]
[Source "ChessBase"]
[SourceDate "1996.11.15"]

1. e4 d5 2. exd5 Qxd5 3. Nc3 Qa5 4. d4 c6 5. Nf3 Bf5 6. Bc4 e6 7. O-O Nf6 8.
Nh4 Bd6 9. Bd2 Qc7 10. Nxf5 Bxh2+ 11. Kh1 exf5 12. Qe2+ Kf8 13. f4 Ng4 14. Ne4
h5 15. Bb4+ Kg8 16. Nd6 Na6 17. Bxf7+ Kh7 18. Qe6 Rhf8 19. Qg6+ Kh8 20. Bc3 Nf6
21. Rae1 Qxd6 22. Re6 Qd8 23. d5 Rxf7 24. Qxf7 Qg8 25. Rxf6 Qxf7 26. Rxf7 Bg3
27. Rxg7 Bh4 28. Rg4+ 1-0

[Event "Festival INGEM - PLZEŇ 2012"]
[Site "Plzeň (Česká republika)"]
[Date "2012.08.24"]
[Round "8.19"]
[White "Bartosek, Ivan"]
[Black "Heidebreck, Rainer"]
[Result "1/2-1/2"]
[WhiteElo "1941"]
[BlackElo "1761"]
[PlyCount "57"]
[EventDate "2012.08.18"]
[Source "ChessBase"]
[SourceDate "1996.11.15"]

1. e4 g6 2. f4 Bg7 3. c3 c5 4. Nf3 Nc6 5. Bc4 e6 6. O-O Nge7 7. d4 cxd4 8. cxd4
O-O 9. Be3 Qb6 10. Qd2 Qb4 11. Qc1 d5 12. exd5 exd5 13. Bd3 Nxd4 14. Ne5 Nec6
15. Nc3 Be6 16. a3 Qa5 17. b4 Qc7 18. Bxd4 Nxd4 19. Nxd5 Qd6 20. Nc3 Nb3 21.
Qe3 Nxa1 22. Rxa1 Qb6 23. Qxb6 axb6 24. Be4 Rab8 25. Rd1 Bxe5 26. fxe5 Rfd8 27.
Rxd8+ Rxd8 28. Bxb7 Rd3 29. Nb5 1/2-1/2

[Event "Festival INGEM - PLZEŇ 2012"]
[Site "Plzeň (Česká republika)"]
[Date "2012.08.24"]
[Round "8.20"]
[White "Saez Coma, Alejandro"]
[Black "Smrckova, Svetlana"]
[Result "1-0"]
[WhiteElo "1906"]
[BlackElo "1578"]
[PlyCount "89"]
[EventDate "2012.08.18"]
[Source "ChessBase"]
[SourceDate "1996.11.15"]

1. d4 d5 2. Bf4 Nf6 3. Nf3 e6 4. e3 Nbd7 5. Nbd2 c5 6. c3 Be7 7. Bd3 O-O 8. Ne5
c4 9. Bc2 Re8 10. O-O Bf8 11. Qf3 Nxe5 12. Bxe5 Nd7 13. Qh3 g6 14. Qg3 Nxe5 15.
dxe5 Bg7 16. Rfd1 Qc7 17. Nf3 b5 18. Rd2 a5 19. a3 Bd7 20. Re1 b4 21. e4 dxe4
22. Bxe4 Bc6 23. Bxc6 Qxc6 24. Rd6 Qc5 25. axb4 axb4 26. Red1 Bf8 27. Rd7 bxc3
28. bxc3 Re7 29. R7d4 Rea7 30. h3 Ra3 31. Ng5 Ra1 32. Ne4 Qc7 33. Nf6+ Kh8 34.
Rh4 Rxd1+ 35. Kh2 h6 36. Qg5 Qxe5+ 37. Qxe5 Bd6 38. Rxh6+ Kg7 39. Ne8+ Kxh6 40.
Nxd6 Rf8 41. Nxc4 Rd5 42. Qf4+ g5 43. Qf6+ Kh7 44. Ne3 Rc5 45. Ng4 1-0

[Event "Festival INGEM - PLZEŇ 2012"]
[Site "Plzeň (Česká republika)"]
[Date "2012.08.24"]
[Round "8.22"]
[White "Hollan, Petr"]
[Black "Hrdlicka, Vaclav"]
[Result "1-0"]
[WhiteElo "1718"]
[BlackElo "1740"]
[PlyCount "51"]
[EventDate "2012.08.18"]
[Source "ChessBase"]
[SourceDate "1996.11.15"]

1. e4 c5 2. Nf3 e6 3. d4 cxd4 4. Nxd4 a6 5. Be2 d6 6. O-O Nf6 7. Nc3 Nc6 8. Be3
Qc7 9. f3 Be7 10. Qd2 O-O 11. a4 Bd7 12. Kh1 d5 13. exd5 Nxd5 14. Nxd5 exd5 15.
Nb3 Be6 16. a5 Bb4 17. Bb6 Bxd2 18. Bxc7 Bb4 19. c3 Be7 20. Bb6 Rac8 21. f4 f5
22. Bf3 Bf6 23. Nc5 Bf7 24. Nxb7 Rb8 25. Nd6 Bd8 26. Nxf7 1-0

[Event "Festival INGEM - PLZEŇ 2012"]
[Site "Plzeň (Česká republika)"]
[Date "2012.08.24"]
[Round "8.28"]
[White "Zoubek, Vladimir"]
[Black "Wittenberger, Stefan"]
[Result "1-0"]
[WhiteElo "1659"]
[BlackElo "1601"]
[PlyCount "161"]
[EventDate "2012.08.18"]
[Source "ChessBase"]
[SourceDate "1996.11.15"]

1. c4 Nf6 2. Nf3 c6 3. Nc3 e6 4. d4 d5 5. cxd5 cxd5 6. Bg5 h6 7. Bf4 Nc6 8. h3
g5 9. Bh2 Bg7 10. Ne5 Nd7 11. Nf3 Qb6 12. e3 Qxb2 13. Rc1 a6 14. Be2 O-O 15.
O-O Qb4 16. Qd2 Qe7 17. Bd3 b5 18. Bb1 f5 19. Ne2 Bb7 20. Ne1 Rad8 21. Nd3 e5
22. Nc5 Nxc5 23. Rxc5 exd4 24. Rfc1 dxe3 25. fxe3 Qd7 26. Nd4 Nxd4 27. exd4 Rf7
28. Rc7 Qe6 29. Re1 Qb6 30. Rxf7 Qxd4+ 31. Qxd4 Bxd4+ 32. Kf1 Kxf7 33. Bxf5 Bf6
34. Rc1 Re8 35. Bd6 Bd8 36. Bg4 Kg6 37. Bd7 Re4 38. g4 Rc4 39. Bf5+ Kf6 40. Re1
Kg7 41. Re8 Rc1+ 42. Ke2 Bf6 43. Rb8 Bc6 44. Rc8 Rc3 45. Rc7+ Kg8 46. Rc8+ Kf7
47. Rc7+ Ke8 48. Rh7 Rxh3 49. Bg6+ Kd8 50. Rf7 Bd4 51. Bf5 Re3+ 52. Kd2 a5 53.
Rc7 Ke8 54. Rxc6 Kf7 55. Rc7+ Kf6 56. Rc8 Kf7 57. Rc7+ Kf6 58. Rh7 Rh3 59. Be7+
Ke5 60. Bf8 Be3+ 61. Ke2 d4 62. Re7+ Kf4 63. Re4+ Kg3 64. Bd6+ Kh4 65. Re8 Bf4
66. Bc5 Rh2+ 67. Kf3 Be3 68. Rh8 Rf2+ 69. Ke4 Rf4+ 70. Kd3 Rf2 71. Rxh6+ Kg3
72. Bd6+ Kg2 73. Be4+ Rf3 74. Rh2+ Kf1 75. Bxf3 b4 76. Bg3 a4 77. Rh1+ Bg1 78.
Bh2 b3 79. axb3 axb3 80. Bxg1 b2 81. Bxd4# 1-0

[Event "Festival INGEM - PLZEŇ 2012"]
[Site "Plzeň (Česká republika)"]
[Date "2012.08.25"]
[Round "9.2"]
[White "Plischki, Sebastian"]
[Black "Chudinovskikh, Alexander M"]
[Result "1/2-1/2"]
[WhiteElo "2365"]
[BlackElo "2248"]
[PlyCount "45"]
[EventDate "2012.08.18"]
[Source "ChessBase"]
[SourceDate "1996.11.15"]

1. d4 Nf6 2. c4 c5 3. d5 e6 4. Nc3 exd5 5. cxd5 d6 6. e4 g6 7. h3 Bg7 8. Nf3
O-O 9. Bd3 a6 10. a4 Nh5 11. O-O Nd7 12. Re1 Ne5 13. Be2 Nxf3+ 14. Bxf3 Nf6 15.
Bf4 Ne8 16. Qd2 Rb8 17. a5 Bd7 18. Na4 Bxa4 19. Rxa4 Qd7 20. Rc4 Qb5 21. Rc2 b6
22. Rd1 Qd7 23. axb6 1/2-1/2

[Event "Festival INGEM - PLZEŇ 2012"]
[Site "Plzeň (Česká republika)"]
[Date "2012.08.25"]
[Round "9.3"]
[White "Piankov, Evgenij"]
[Black "Vlasak, Lukas"]
[Result "1/2-1/2"]
[WhiteElo "2338"]
[BlackElo "2291"]
[PlyCount "71"]
[EventDate "2012.08.18"]
[Source "ChessBase"]
[SourceDate "1996.11.15"]

1. f4 c5 2. Nf3 Nc6 3. e3 g6 4. d4 cxd4 5. exd4 d5 6. c3 Bg7 7. Bd3 Nh6 8. O-O
O-O 9. Be3 f6 10. Nbd2 Ng4 11. Bf2 e5 12. fxe5 fxe5 13. dxe5 Nxf2 14. Rxf2 Nxe5
15. Nxe5 Rxf2 16. Kxf2 Qb6+ 17. Kf1 Bxe5 18. Nf3 Bg4 19. Be2 Bxf3 20. Bxf3 Rd8
21. Qb3 Qxb3 22. axb3 Bb8 23. h3 b6 24. Rd1 Kg7 25. Bxd5 Kf6 26. Ke2 Ke5 27. c4
Bd6 28. Kd3 Bb4 29. Rf1 Rf8 30. Ra1 a5 31. Ke2 Bc5 32. Bf3 Rd8 33. Rc1 Rd4 34.
Rc3 Bb4 35. Re3+ Kf4 36. Rd3 1/2-1/2